Najdłuższe ulice Lublina - Statystyki

Ogólne statystyki
  • Ten quiz został rozwiązany 487 razy
  • Średni wynik to 5 z 10
Statystyki odpowiedzi
Długość (m) Nazwa Ulicy % Poprawnych
6955 m al. Solidarności
74%
6107 m al. Kraśnicka
72%
4526 m Jana Pawła II
69%
5092 m al. Wincentego Witosa
59%
3867 m al. Warszawska
47%
6069 m Mełgiewska
41%
3709 m Abramowicka
36%
3946 m Nałęczowska
36%
5959 m Krężnicka
23%
6929 m Osmolicka
21%
Nie znaleziono quizów pasujących do podanych kryteriów
Rozkład punktacji
Procent ludzi z każdym wynikiem
Percentyl według liczby udzielonych odpowiedzi
Twoja historia wyników
Nie rozwiązałeś tego quizu